Chasha bacharar asomiya natak : (Record no. 2584)

MARC details
000 -LEADER
fixed length control field 00532cam a2200193ua 4500
001 - CONTROL NUMBER
control field 2737
005 - DATE AND TIME OF LATEST TRANSACTION
control field 20260515113550.0
008 - FIXED-LENGTH DATA ELEMENTS--GENERAL INFORMATION
fixed length control field 110907n ii |||gr||||Z||||||asm
040 ## - CATALOGING SOURCE
Transcribing agency MAIN
082 ## - DEWEY DECIMAL CLASSIFICATION NUMBER
Classification number 891.4512
100 1# - MAIN ENTRY--PERSONAL NAME
Personal name Saikia, Ajit,
Relator term Editor.
245 11 - TITLE STATEMENT
Title Chasha bacharar asomiya natak :
Remainder of title parampara aru parivartan /
Statement of responsibility, etc. ed. by Ajit Saikia
250 ## - EDITION STATEMENT
Edition statement 1st.
260 ## - PUBLICATION, DISTRIBUTION, ETC.
Place of publication, distribution, etc. Duliajan:
Name of publisher, distributor, etc. Pathar prakashan,
Date of publication, distribution, etc. 2008.
300 ## - PHYSICAL DESCRIPTION
Extent 628p:
Dimensions 23cm.
653 ## - INDEX TERM--UNCONTROLLED
Uncontrolled term Asamese drama
653 ## - INDEX TERM--UNCONTROLLED
Uncontrolled term Chasha bacharar asomiya natak
942 ## - ADDED ENTRY ELEMENTS (KOHA)
Koha item type Books
Holdings
Withdrawn status Lost status Damaged status Not for loan Home library Current library Shelving location Date acquired Total checkouts Full call number Barcode Date last seen Copy number Price effective from Koha item type
        Naharkatiya College Library Naharkatiya College Library General stacks 09/19/2020   891.4512 | CHA 18921 09/19/2020 1 09/19/2020 Books